Boletín electoral latinoamericano, 15
Uloženo v:
| Médium: | Kniha |
|---|---|
| Jazyk: | španělština |
| Vydáno: |
San José
Instituto Interamericano de Derechos Humanos
1996
|
| Témata: | |
| Tagy: |
Přidat tag
Žádné tagy, Buďte první, kdo vytvoří štítek k tomuto záznamu!
|
MARC
| LEADER | 00000nam a2200000 a 4500 | ||
|---|---|---|---|
| 001 | UCT8231 | ||
| 003 | CL-VaPUC | ||
| 008 | 970326e19960000CR |||||||||||||||||spa|d | ||
| 082 | 0 | 4 | |a 324.6 |b BOL |2 21 |
| 245 | 1 | 0 | |a Boletín electoral latinoamericano, 15 |
| 300 | |a 193 p | ||
| 942 | |c BK | ||
| 945 | |d 19970326 00:00:00 |a nastorga | ||
| 260 | |a San José |b Instituto Interamericano de Derechos Humanos |c 1996 | ||
| 650 | 0 | |a Elecciones |9 254997 | |
| 650 | 0 | |a Democracia |9 255256 | |
| 650 | 0 | |a Política |9 255312 | |
| 650 | 7 | |a LEGISLACION |2 CL-VaPUC |9 379816 | |
| 650 | 7 | |a SUFRAGIO |2 CL-VaPUC |9 313463 | |
| 650 | 0 | |a Tribunal constitucional |9 255000 | |
| 651 | 0 | |a España |9 254926 | |
| 651 | 7 | |a REPUBLICA DOMINICANA |2 CL-VaPUC |9 257737 | |
| 583 | |a last modification |c 19970326 00:00:00 |k Rodrigo Vera | ||
| 999 | |c 256750 |d 256748 | ||
| 952 | |0 0 |1 0 |4 0 |6 324_600000000000000_BOL_1996 |7 0 |8 A |9 279671 |a BIBDER |b BIBDER |d 2019-11-19 |i 3292118 |o 324.6 BOL 1996 |p 3292118 |r 2023-01-25 |w 2019-11-19 |y BK |k DER | ||